000
00285nam a22001337a 4500
008
171016b xxu||||| |||| 00| 0 eng d
020
_a
9780077660581
041
_a
eng
080
_2
20TH
_a
33
100
_a
52
101
_a
EKO
245
_a
ECONOMICS
_c
CONNELL.C.R
942
_2
udc
_c
BK
999
_c
34024
_d
34024